000 00315nam a2200121Ia 4500
008 220204s9999 xx 000 0 und d
082 _a338.45(540)
_bAHU;1
100 _aAHUJA, B N
245 0 _aSmall scale industries in India
260 _aNew Delhi
_bVarma
_c1977
650 _aSmall scale industries
942 _cBK
999 _c32296
_d32296